000 00458 a2200157 4500
003 NUST
005 20221213170856.0
040 _cNust
082 _a303.44,OUT
245 _aOutline of Progress :
_bthe stirring story of man,s achievement through the ages /
_cEdited by Charles Ray
260 _aLondon
_bAmalgamated press
300 _a712:p.;
505 _aContents not Available
650 _aOutline of progress
_9104774
942 _2ddc
_cBK
_k303.44,OUT
999 _c184813
_d184813